000 00470nam a2200181Ia 4500
999 _c15013
_d15013
003 OSt
005 20201112131256.0
008 190216s9999||||xx |||||||||||||| ||und||
040 _coclc
082 _a421
_bROB/L
100 _aRobinz
_96545
245 0 _aLetter Writing /
_cRobinz
250 _a1st Ed.
260 _bMannora Publications,
_c2005.
_aChennai:
300 _a224p
650 _aEnglish
942 _cBK
_2ddc
_h421
_iROB/L
_k421
_mROB/L